000 00444nam a2200169 a 4500
005 20140310183210.0
008 030220s19uu xx 00 eng d
020 _a0688070914
050 _aPR 6070.H56
_b.W5 1987
100 _aThomas, Craig
245 _aWinter Hawk /
_cCraig Thomas.
260 _aNew York :
_bWilliam Morrow and Company,
_c1987.
300 _a521 p. :
_c18 cm.
650 _aFiction
942 _cBK
_2lcc
999 _c20118
_d20118